Statistiques concernant Quiz Cannabis

Cliquez ici pour prendre le quiz!

Statistiques générales

  • Ce quiz a été pris 489 fois
  • Le résultat moyen est 8 sur 15

Statistiques - réponses

QuestionRéponse% Correct
Quel est l'objet qui permet d'émietter son cannabis?Grinder
93%
Avec quoi ne faut il pas mélanger le cannabis?L'Alcool
93%
Quel mot ne désigne pas du cannabis?guez
91%
Que signifie "THC"?tetrahydrocannabinol
74%
Qu'est ce que le cannabis ne permet pas de faire?Lean
72%
Ou se déroule la cannabis cup?Amsterdam
71%
Dans quel pays européen le cannabis est t'il le plus fumé?France
61%
Pour vous, devrai t'on légaliser le cannabis?Oui
57%
Dans quel pays le cannabis est complètement illégal?Danemark
34%
Qui a dit:" La drogue c'est une catastrophe, y'en a plus."Patrick Timsit
29%
Laquelle de ces variétés n'existe pas?White
28%
En combien de formes peut se consommer le cannabis?3
27%
Laquelle de ces variétés existe?Diesel
25%
Qui a dit: " Ce n'est pas une drogue, c'est une plante."Arnold Schwarzenegger
21%
Quel variété n'a jamais remporté la cannabis cup?Kush
20%

Distribution des résultats

Percentile par nombre de réponses

% des personnes avec chaque résultat

Votre développement - résultats

Vous n’avez pas pris ce quiz